| 000 | 00928nam a22002537a 4500 | ||
|---|---|---|---|
| 999 |
_c12838 _d12838 |
||
| 003 | TR-AnCHP | ||
| 005 | 20190301121921.0 | ||
| 008 | 190301b tu ||||| |||| 00| 0 tur d | ||
| 020 | _a9786052981986 | ||
| 040 |
_aTR-AnCHP _cTR-AnCHP |
||
| 041 | _atur | ||
| 082 | _aCHP 923.2 Kılıçdaroğlu,K. | ||
| 100 | _aCengiz, Makbule | ||
| 245 |
_aUmut hep var : _bKemal Kılıçdaroğlu'yla söyleşi / _cMakbule Cengiz. |
||
| 246 | _aKemal Kılıçdaroğlu'yla söyleşi | ||
| 260 |
_aİstanbul : _bKırmızı Kedi Yayınevi, _c2017. |
||
| 300 |
_a143 s. ; _c22 cm. _bfotğ., |
||
| 490 |
_aKırmızı Kedi Yayınevi ; _aGüncel; _v846. _v35. |
||
| 600 | 1 | 4 |
_aKılıçdaroğlu, Kemal _xSöyleşi _91477 _cCHP Genel Başkanı |
| 600 | 1 | 4 |
_aKılıçdaroğlu, Kemal _xyaşamöyküsü _91477 _cCHP Genel Başkanı |
| 650 |
_aDevlet adamları, Türk _xSöyleşiler |
||
| 651 |
_aTürkiye _xSiyaset ve devlet yönetimi |
||
| 942 |
_2ddc _cBKS |
||